| 000 | 00557nam a2200181 a 4500 | ||
|---|---|---|---|
| 001 | 3016 | ||
| 005 | 20140414132146.0 | ||
| 008 | 060119s19uu xx 00 eng d | ||
| 020 | _a0-439-44995-2 | ||
| 050 |
_aM 179 _bB44 1997 |
||
| 100 | _aBennett, William J. | ||
| 245 |
_aThe book of virtues : _bfor young people / _cedited, with commenatry, by William J. Bennett. |
||
| 260 |
_aNew York : _bScholastic, _c1997. |
||
| 300 | _a374 p. ; cm. | ||
| 520 | _aA treasury of great moral stories. | ||
| 650 |
_aVirtues _xJuvenile literature. |
||
| 999 |
_c115439 _d115439 |
||